James Bond Book Villains - Statistics

General Stats
  • This quiz has been taken 13 times
  • The average score is 7 of 19
Answer Stats
Picture Answer % Correct
Auric Goldfinger
88%
Dr. No
75%
Ernst Stavro Blofeld
75%
Le Chiffre
75%
Emilio Largo
63%
Francisco Scaramanga
63%
Hugo Drax
50%
Rosa Klebb
50%
Donovan Grant
38%
Mr. Big
38%
Aristotle Kristatos
13%
Dexter Smythe
13%
Herr von Hammerstein
13%
Jack Spang
13%
Maria Freundenstein
13%
Milton Krest
13%
Mr. Sanguinetti
13%
Seraffimo Spang
13%
Trigger
13%
No matching quizzes found
Score Distribution
Percent of People with Each Score
Percentile by Number Answered
Your Score History
You have not taken this quiz